الاجراءات التنظيمية للحاج، وآثرها، في العصر الحديث وموقف الشريعة منها = al-Hadj (pilgrimage to Mecca) organizational procedures and their effects in modern times : an Islamic perspective /
Saved in:
| 主要作者: | |
|---|---|
| 其他作者: | |
| 格式: | Thesis |
| 語言: | Arabic |
| 出版: |
al- Urdun :
Jami'ah al-Bayt,
2000.
|
| 主題: | |
| 標簽: |
添加標簽
沒有標簽, 成為第一個標記此記錄!
|
| LEADER | 016340000a22002770004500 | ||
|---|---|---|---|
| 008 | 101019s2000 jo f00 0000 00ara d | ||
| 040 | |a UIAM |b eng | ||
| 041 | |a ara | ||
| 050 | |a BP187.3 | ||
| 100 | 1 | |a خطيب، أحمد غاليب | |
| 242 | 1 | 3 | |a al-Ijra'at al-tanzimiyah lil-hajj, wa-atharuha, fi al-'asr al-hadith wa mawqif al-shar'iah minha |
| 245 | 1 | 2 | |a الاجراءات التنظيمية للحاج، وآثرها، في العصر الحديث وموقف الشريعة منها = al-Hadj (pilgrimage to Mecca) organizational procedures and their effects in modern times : an Islamic perspective / |c اعداد أحمد غاليب الخطيب |
| 246 | 1 | 1 | |a al-Hadj (pilgrimage to Mecca) organizational procedures and their effects in modern times : an Islamic perspective |
| 260 | |a al- Urdun : |b Jami'ah al-Bayt, |c 2000. | ||
| 300 | |a 244 leaves ; |c 30 cm. | ||
| 500 | |a "قدةت هذه الرسالة استكمالا لمطلبات الحصول على درجة الماجستير في الفقه واصوله في كاية الدراسات الفقهية والقانونية في جامعة ال البيت "On t.p. | ||
| 500 | |a Abstract in English. | ||
| 502 | |a Thesis (M.A.)--Jami'at al-Bayt, 2000 | ||
| 504 | |a Includes bibliographical references (leaves 226-242). | ||
| 596 | |a 1 | ||
| 650 | |a Hajj | ||
| 655 | |a Theses, Facsimile edition (Islamic) | ||
| 700 | |a Khatib, Ahmad Ghalib | ||
| 900 | |a sz-ami | ||
| 999 | |c 432628 |d 463195 | ||
| 952 | |0 0 |6 TI BP 000187.000003 K000045I 002000 |7 0 |8 THESES |9 757033 |a IIUM |b IIUM |c MULTIMEDIA |g 340.00 |o ti BP 187.3 K45I 2000 |p 00011203274 |r 2017-10-23 |t 1 |v 340.00 |y THESIS | ||
